Normal view
MARC view
- جامعة فيلادلفيا ، تحرير ومراجعة لؤلؤة، عبد الواحد... وآخرون
Entry Personal Name
001 - CONTROL NUMBER
- control field: 33548
003 - CONTROL NUMBER IDENTIFIER
- control field: JO-AjAnu
005 - DATE AND TIME OF LATEST TRANSACTION
- control field: 20230606075628.0
008 - FIXED-LENGTH DATA ELEMENTS
- fixed length control field: 230606|| aca||aabn | a|a d
040 ## - CATALOGING SOURCE
- Original cataloging agency: JO-AjAnu
- Transcribing agency: JO-AjAnu
100 ## - HEADING--PERSONAL NAME
- Personal name: جامعة فيلادلفيا ، تحرير ومراجعة لؤلؤة، عبد الواحد... وآخرون
670 ## - SOURCE DATA FOUND
- Source citation: Work cat.: (JO-AjAnu)17235: جامعة فيلادلفيا ، تحرير ومراجعة لؤلؤة، عبد الواحد... وآخرون, author, العرب والغرب : أوراق المؤتمر العلمي السنوي السابع لكلية الاداب والفنون/ جامعة فيلادلفيا 6-8 اب 2002: بحوث نختارة